000 00492nam a22001697a 4500
999 _c41072
_d41072
003 OSt
005 20210305101519.0
008 210305b ||||| |||| 00| 0 eng d
020 _a9780141986340
040 _coclc
082 _a153.35
_bWIL/O
100 _95837
_a Wilson, Edward O
245 _aThe Origins Of Creativity /
_cEdward O Wilson
260 _aUnited Kingdom:
_bPenguin Books,
_c2018.
300 _a243p
942 _2ddc
_cBK
_h153.35
_iWIL/O
_k153.35
_mWIL/O